[Event "Titled Tuesday 2020.09.15"]
[Site "chess.com INT"]
[Date "2020.09.15"]
[Round "1"]
[White "Jones, G."]
[Black "Atanasov, Anthony"]
[Result "1-0"]
[WhiteElo "2670"]
[BlackElo "2205"]
[PlyCount "121"]
[EventDate "2020.09.15"]
[EventType "swiss (blitz)"]
[EventRounds "10"]
[EventCountry "NET"]
[Source "Mark Crowther"]
[SourceDate "2020.09.21"]

1. c4 Nf6 2. g3 g6 3. Bg2 d5 4. cxd5 Nxd5 5. Nc3 Nxc3 6. bxc3 Bg7 7. h4 h5 8.
Nh3 O-O 9. Qb3 Na6 10. Ba3 c6 11. Nf4 Qc7 12. Nxg6 Be6 13. Nxe7+ Kh8 14. Ng6+
Kg8 15. Ne7+ Kh8 16. Qc2 Rfe8 17. Nf5 Qa5 18. Nxg7 Kxg7 19. Bb2 Bf5 20. c4+ Kh7
21. Qc3 Qxc3 22. Bxc3 Bd3 23. Bf3 Bxc4 24. Bxh5 Nc5 25. Kf1 Rad8 26. Rc1 Ne4
27. d3 Nxc3 28. dxc4 Nxa2 29. Ra1 Rd2 30. Kg2 Re5 31. Bf3 a5 32. Rhb1 b5 33.
Bxc6 Rexe2 34. Rxb5 Rxf2+ 35. Kg1 a4 36. Rh5+ Kg6 37. Rg5+ Kh6 38. Rf1 Rxf1+
39. Kxf1 Nc3 40. Ra5 Ra2 41. Ra6 a3 42. c5 Kg7 43. h5 Ra1+ 44. Kg2 a2 45. Bd7
Rc1 46. h6+ Kf8 47. Ra8+ Ke7 48. h7 a1=Q 49. Rxa1 Rxa1 50. h8=Q Ra2+ 51. Kh3
Ne4 52. Qe5+ Kxd7 53. Qd5+ Ke7 54. Qxa2 f5 55. Qd5 Kf6 56. c6 Ng5+ 57. Kg2 f4
58. Qd4+ Kg6 59. Qxf4 Nf7 60. c7 Kg7 61. Qxf7+ 1-0

[Event "Titled Tuesday 2020.09.15"]
[Site "chess.com INT"]
[Date "2020.09.15"]
[Round "2"]
[White "Atanasov, Anthony"]
[Black "Urh, Zala"]
[Result "1-0"]
[WhiteElo "2205"]
[BlackElo "2156"]
[PlyCount "159"]
[EventDate "2020.09.15"]
[EventType "swiss (blitz)"]
[EventRounds "10"]
[EventCountry "NET"]
[Source "Mark Crowther"]
[SourceDate "2020.09.21"]

1. d4 Nf6 2. Nf3 d5 3. Bf4 e6 4. e3 Bd6 5. Nbd2 c5 6. c3 O-O 7. Bd3 b6 8. Qe2
Bxf4 9. exf4 Nc6 10. Ne5 Bb7 11. h4 cxd4 12. Nxc6 Bxc6 13. cxd4 Rc8 14. Nf3 Ne4
15. Ng5 h6 16. Rc1 Qf6 17. Rxc6 Rxc6 18. Nxe4 dxe4 19. Qxe4 Qf5 20. Qf3 Qa5+
21. Ke2 Rfc8 22. Qe4 Qf5 23. Qxc6 Qxd3+ 24. Kxd3 Rxc6 25. Re1 Kf8 26. Re2 Ke7
27. f5 Kd6 28. fxe6 fxe6 29. h5 Rc8 30. Rc2 Rf8 31. Ke4 Rf5 32. g4 Ra5 33. a3
e5 34. b4 Rb5 35. a4 Rxb4 36. Kf5 Rxd4 37. f3 Rf4+ 38. Kg6 Rxf3 39. Rd2+ Ke6
40. Kxg7 Rf4 41. Kxh6 Rxg4 42. Rd8 e4 43. Ra8 e3 44. Re8+ Kf6 45. Rxe3 Rxa4 46.
Rf3+ Ke7 47. Re3+ Kf6 48. Rf3+ Ke7 49. Kg7 Rg4+ 50. Kh8 a5 51. h6 b5 52. Rf5 b4
53. Rxa5 b3 54. Rb5 Rg3 55. Rb6 Kf7 56. Kh7 Kf8 57. Rb7 b2 58. Rxb2 Kf7 59. Rb6
Kf8 60. Rb7 Rg1 61. Rg7 Ra1 62. Rg3 Kf7 63. Rf3+ Ke7 64. Rf5 Rg1 65. Kh8 Rg2
66. Rb5 Kf7 67. Rb7+ Kf8 68. Kh7 Rg1 69. Rg7 Ra1 70. Rg8+ Kf7 71. Rg4 Ra2 72.
Rf4+ Ke7 73. Kg6 Rg2+ 74. Kh5 Rg8 75. h7 Rh8 76. Kg6 Ra8 77. Kg7 Rb8 78. Re4+
Kd6 79. h8=R Rxh8 80. Kxh8 1-0

[Event "Titled Tuesday 2020.09.15"]
[Site "chess.com INT"]
[Date "2020.09.15"]
[Round "3"]
[White "Bordi, Kevin"]
[Black "Atanasov, Anthony"]
[Result "1-0"]
[WhiteElo "2288"]
[BlackElo "2205"]
[PlyCount "59"]
[EventDate "2020.09.15"]
[EventType "swiss (blitz)"]
[EventRounds "10"]
[EventCountry "NET"]
[Source "Mark Crowther"]
[SourceDate "2020.09.21"]

1. e4 c5 2. Nf3 d6 3. d4 cxd4 4. Nxd4 Nf6 5. Nc3 a6 6. Rg1 b5 7. g4 Bb7 8. Bg2
b4 9. Nd5 e6 10. Nxf6+ gxf6 11. Be3 Nc6 12. Qd2 h5 13. h3 hxg4 14. hxg4 Qa5 15.
f4 Rh2 16. Rh1 Rxh1+ 17. Bxh1 f5 18. gxf5 Nxd4 19. Bxd4 e5 20. Be3 Bg7 21. f6
Bxf6 22. Qxd6 exf4 23. Bc5 Bh4+ 24. Ke2 Qb5+ 25. Kf3 Bxe4+ 26. Kxe4 Qe2+ 27.
Kxf4 Qh2+ 28. Kg4 Qxd6 29. Bxd6 Rd8 30. Bc6+ 1-0

[Event "Titled Tuesday 2020.09.15"]
[Site "chess.com INT"]
[Date "2020.09.15"]
[Round "4"]
[White "Atanasov, Anthony"]
[Black "Lauridsen, JM."]
[Result "0-1"]
[WhiteElo "2205"]
[BlackElo "2215"]
[PlyCount "122"]
[EventDate "2020.09.15"]
[EventType "swiss (blitz)"]
[EventRounds "10"]
[EventCountry "NET"]
[Source "Mark Crowther"]
[SourceDate "2020.09.21"]

1. d4 d5 2. Bf4 g6 3. e3 Bg7 4. Nf3 Nf6 5. Be2 Bg4 6. h3 Bxf3 7. Bxf3 c6 8. c4
dxc4 9. Nd2 Qa5 10. O-O Nbd7 11. Nxc4 Qd8 12. e4 O-O 13. Qb3 Nb6 14. Nxb6 Qxb6
15. Qxb6 axb6 16. e5 Nd5 17. Bxd5 cxd5 18. Rfc1 Rfc8 19. Bg5 Rxc1+ 20. Rxc1 f6
21. exf6 exf6 22. Bf4 Rxa2 23. Rc8+ Kf7 24. Rc7+ Kg8 25. Rc8+ Kf7 26. Rc7+ Kg8
27. b4 Ra1+ 28. Kh2 Rb1 29. Bd6 f5 30. Rc8+ Kf7 31. Rc7+ Ke6 32. Rxg7 Kxd6 33.
Rxh7 Rxb4 34. Rxb7 Kc6 35. Rg7 Rxd4 36. Rxg6+ Kc5 37. g4 fxg4 38. h4 Rf4 39.
Kg3 Rf3+ 40. Kg2 Rf4 41. Kg3 Rf3+ 42. Kg2 Rf5 43. Rxg4 b5 44. Kg3 b4 45. Rg5
Rxg5+ 46. hxg5 b3 47. g6 b2 48. g7 b1=Q 49. Kf4 Qg6 50. f3 Qxg7 51. Kf5 Qf7+
52. Ke5 Kc4 53. f4 Qe7+ 54. Kf5 Qe4+ 55. Kg5 d4 56. f5 d3 57. f6 d2 58. f7 Qf3
59. Kg6 d1=Q 60. Kg7 Qg1+ 61. Kf8 Qgf2 0-1

[Event "Titled Tuesday 2020.09.08"]
[Site "chess.com INT"]
[Date "2020.09.08"]
[Round "7"]
[White "Atanasov, Anthony"]
[Black "Wagh, Suyog"]
[Result "0-1"]
[WhiteElo "2205"]
[BlackElo "2246"]
[PlyCount "76"]
[EventDate "2020.09.08"]
[EventType "swiss"]
[EventRounds "10"]
[EventCountry "NET"]
[Source "ChessMix"]
[SourceDate "2020.09.20"]

1. d4 Nf6 2. Nf3 g6 3. Bf4 Bg7 4. e3 O-O 5. Be2 d6 6. O-O b6 7. c4 Bb7 8. Nc3
Nbd7 9. Qc2 Nh5 10. Bg5 h6 11. Bh4 g5 12. Nd2 Nf4 13. exf4 gxh4 14. Bf3 Qc8 15.
Bxb7 Qxb7 16. Nd5 e6 17. Ne7+ Kh8 18. f5 h3 19. d5 exd5 20. cxd5 Nf6 21. Ne4
Nxe4 22. Qxe4 Rae8 23. Qh4 Rxe7 24. Qxe7 Qxd5 25. f3 Rg8 26. g4 Qd2 27. Rf2 Bd4
28. Raf1 Bxf2+ 29. Rxf2 Qc1+ 30. Rf1 Qxb2 31. Rf2 Qb1+ 32. Rf1 Qxa2 33. Qf6+
Kh7 34. Rf2 Qd5 35. Re2 Qxf3 36. Qxf7+ Rg7 37. Qe7 Qxg4+ 38. Kf1 Qg1# 0-1

[Event "Titled Tuesday 2020.09.01"]
[Site "chess.com INT"]
[Date "2020.09.01"]
[Round "1"]
[White "Shimanov, Aleksandr"]
[Black "Atanasov, Anthony"]
[Result "1-0"]
[WhiteElo "2593"]
[BlackElo "2205"]
[PlyCount "57"]
[EventDate "2020.09.01"]
[EventType "swiss"]
[EventRounds "10"]
[EventCountry "NET"]
[Source "ChessMix"]
[SourceDate "2020.09.10"]

1. Nf3 d5 2. e3 Nf6 3. c4 c6 4. Nc3 g6 5. b3 Bg7 6. Bb2 O-O 7. h3 Nbd7 8. d4 b6
9. Bd3 Bb7 10. O-O c5 11. Qe2 e6 12. cxd5 Nxd5 13. Nxd5 Bxd5 14. Rad1 Qe7 15.
Bb5 Rfd8 16. Rfe1 cxd4 17. Nxd4 Rac8 18. Ba6 Rc7 19. Nb5 Rc5 20. Ba3 Qg5 21. e4
Bc6 22. Nxa7 Rc3 23. Bb4 Rxh3 24. Nxc6 Be5 25. Nxe5 Nxe5 26. Rxd8+ Kg7 27. Bd2
Nf3+ 28. Qxf3 Qxd8 29. Bc3+ 1-0

[Event "Titled Tuesday 2020.09.01"]
[Site "chess.com INT"]
[Date "2020.09.01"]
[Round "2"]
[White "Atanasov, Anthony"]
[Black "Larina, Marija"]
[Result "1-0"]
[WhiteElo "2205"]
[BlackElo "1948"]
[PlyCount "67"]
[EventDate "2020.09.01"]
[EventType "swiss"]
[EventRounds "10"]
[EventCountry "NET"]
[Source "ChessMix"]
[SourceDate "2020.09.10"]

1. d4 f5 2. c4 Nf6 3. Nc3 d6 4. g3 g6 5. Bg2 Bg7 6. Nh3 O-O 7. Bg5 c6 8. Qd2 e5
9. d5 c5 10. O-O Re8 11. e4 Qe7 12. Rae1 Qf8 13. exf5 gxf5 14. f4 e4 15. Bxf6
Bxf6 16. Ng5 Bd4+ 17. Kh1 h6 18. Ne6 Bxe6 19. dxe6 Rxe6 20. g4 fxg4 21. Bxe4
Re7 22. Bd5+ Kh8 23. Rxe7 Qxe7 24. Re1 Qf8 25. Bxb7 Nd7 26. Bxa8 Qxa8+ 27. Qg2
Qg8 28. Qd5 Qf8 29. Nb5 Nf6 30. Qc6 Kh7 31. Nxd6 Qg7 32. Nf5 Qf7 33. Re7 Qxe7
34. Nxe7 1-0

[Event "Titled Tuesday 2020.09.01"]
[Site "chess.com INT"]
[Date "2020.09.01"]
[Round "3"]
[White "Atanasov, Anthony"]
[Black "Paiva, Donaldo"]
[Result "0-1"]
[WhiteElo "2205"]
[BlackElo "2230"]
[PlyCount "58"]
[EventDate "2020.09.01"]
[EventType "swiss"]
[EventRounds "10"]
[EventCountry "NET"]
[Source "ChessMix"]
[SourceDate "2020.09.10"]

1. d4 Nf6 2. Bf4 g6 3. e3 Bg7 4. Nf3 O-O 5. Be2 c5 6. O-O Qb6 7. Nc3 d6 8. a3
Bg4 9. h3 Bxf3 10. Bxf3 Nc6 11. dxc5 Qxc5 12. Qe2 Rac8 13. Rfd1 a6 14. Nd5 Nxd5
15. Rxd5 Qb6 16. c3 Na5 17. Rad1 Nc4 18. b4 Nxa3 19. R5d3 Bxc3 20. Bh6 Rfd8 21.
Rc1 Nb5 22. Bg4 Rc7 23. e4 Be5 24. Rxc7 Qxc7 25. f4 Bd4+ 26. Kh2 e6 27. e5 dxe5
28. g3 Nc3 29. Rd2 Nxe2 0-1

[Event "Titled Tuesday 2020.09.01"]
[Site "chess.com INT"]
[Date "2020.09.01"]
[Round "4"]
[White "Todev, Simeon"]
[Black "Atanasov, Anthony"]
[Result "0-1"]
[WhiteElo "1971"]
[BlackElo "2205"]
[PlyCount "66"]
[EventDate "2020.09.01"]
[EventType "swiss"]
[EventRounds "10"]
[EventCountry "NET"]
[Source "ChessMix"]
[SourceDate "2020.09.10"]

1. e4 c5 2. Nf3 d6 3. c3 Nf6 4. Bd3 Nc6 5. Bc2 g6 6. O-O Bg7 7. d4 cxd4 8. cxd4
O-O 9. Be3 Bg4 10. Nc3 Bxf3 11. Qxf3 Nd7 12. Rfd1 a6 13. Rac1 Rc8 14. a3 b5 15.
Bb3 Na5 16. Ba2 Nc4 17. Bxc4 bxc4 18. Nd5 e6 19. Nb4 a5 20. Na2 Qb6 21. Rc2 Qb3
22. Rc3 Qxa2 23. Qe2 d5 24. e5 Rb8 25. Bc1 Rb3 26. Rd2 Rfb8 27. Rxb3 Rxb3 28.
Rc2 Qb1 29. h3 Bh6 30. Qd1 Bxc1 31. Rxc1 Qxb2 32. Rc2 Qxa3 33. g4 Rxh3 0-1

[Event "Titled Tuesday 2020.09.01"]
[Site "chess.com INT"]
[Date "2020.09.01"]
[Round "5"]
[White "Borsuk, Konstantin"]
[Black "Atanasov, Anthony"]
[Result "1-0"]
[WhiteElo "2431"]
[BlackElo "2205"]
[PlyCount "79"]
[EventDate "2020.09.01"]
[EventType "swiss"]
[EventRounds "10"]
[EventCountry "NET"]
[Source "ChessMix"]
[SourceDate "2020.09.10"]

1. d4 e5 2. dxe5 Nc6 3. Nf3 Qe7 4. Qd5 f6 5. exf6 Nxf6 6. Qd1 d5 7. Bg5 Qb4+ 8.
Nbd2 Qxb2 9. Rb1 Qxa2 10. Bxf6 gxf6 11. e3 Nb4 12. Bd3 Nxd3+ 13. cxd3 Bf5 14.
e4 dxe4 15. dxe4 Bg4 16. Rxb7 O-O-O 17. Qb1 Rxd2 18. Nxd2 Qa6 19. Rb8+ Kd7 20.
f3 Be6 21. Qb5+ Qxb5 22. Rxb5 Kc6 23. Rb1 Bc5 24. Ke2 Rg8 25. g4 h5 26. h3 hxg4
27. hxg4 Bb6 28. Rbc1+ Kb7 29. Nc4 Bd4 30. Ne3 Bd7 31. Rh7 Bb5+ 32. Kf2 Rd8 33.
Rhxc7+ Ka6 34. f4 Bb6 35. R7c3 Rd2+ 36. Kg3 Kb7 37. Nd5 Bf2+ 38. Kf3 Bd4 39.
Rb3 a6 40. g5 1-0

[Event "Titled Tuesday 2020.08.18"]
[Site "chess.com INT"]
[Date "2020.08.18"]
[Round "1"]
[White "Rekhson, V."]
[Black "Atanasov, Anthony"]
[Result "1-0"]
[WhiteElo "2074"]
[BlackElo "2205"]
[PlyCount "171"]
[EventDate "2020.08.18"]
[EventType "swiss (blitz)"]
[EventRounds "10"]
[EventCountry "NET"]
[Source "Mark Crowther"]
[SourceDate "2020.08.24"]

1. e4 c5 2. Nf3 d6 3. d4 cxd4 4. Qxd4 Nf6 5. Bg5 Nc6 6. Bb5 Qa5+ 7. Nc3 Qxb5 8.
Nxb5 Nxd4 9. Nfxd4 Kd8 10. f3 a6 11. Nc3 h6 12. Be3 b5 13. O-O-O Kc7 14. Rhe1
Bb7 15. a3 e6 16. Nb3 Nd7 17. Na5 Be7 18. Nxb7 Kxb7 19. Bf4 Kc6 20. Nd5 Bg5 21.
Nb4+ Kc7 22. Bxg5 hxg5 23. h3 Ne5 24. Nd3 Ng6 25. Kd2 Rh5 26. Ke3 Re8 27. a4 f5
28. axb5 axb5 29. Ra1 Nh4 30. Kf2 Kb6 31. exf5 Nxf5 32. g4 Rxh3 33. gxf5 e5 34.
Kg2 Rh4 35. Rh1 Rxh1 36. Rxh1 e4 37. fxe4 Rxe4 38. Re1 Rg4+ 39. Kf3 Rc4 40. c3
Kc6 41. Re6 Kd7 42. Rg6 Rh4 43. Rxg5 Rh3+ 44. Rg3 Rh7 45. Nf4 Ke7 46. Ng6+ Kf6
47. Kf4 Rh2 48. Nf8 Rxb2 49. Nd7+ Kf7 50. Nb6 Rf2+ 51. Rf3 Rd2 52. Re3 Kf6 53.
Nd7+ Kf7 54. Nb6 Kf6 55. Nc8 Rf2+ 56. Rf3 Rd2 57. Re3 Rd1 58. Re6+ Kf7 59. Rxd6
Rf1+ 60. Ke5 Rc1 61. Rc6 b4 62. Rc7+ Kg8 63. Ne7+ Kh7 64. Rc4 Re1+ 65. Kd6 Rh1
66. Rxb4 Kh6 67. Rd4 Kg5 68. c4 Rh6+ 69. Kd7 Rh8 70. c5 Ra8 71. c6 Kf6 72. c7
Ke5 73. Rd1 Ra7 74. Rc1 Kf6 75. Nd5+ Kf7 76. Nb6 Rb7 77. Kc6 g5 78. Kxb7 g4 79.
c8=Q Kf6 80. Qe6+ Kg5 81. Qg6+ Kf4 82. f6 Kf3 83. f7 Kg3 84. f8=Q Kh3 85. Qf4
Kg2 86. Qgxg4# 1-0

[Event "Titled Tuesday 2020.08.18"]
[Site "chess.com INT"]
[Date "2020.08.18"]
[Round "2"]
[White "Atanasov, Anthony"]
[Black "Romero Arzuaga, Yudel"]
[Result "1-0"]
[WhiteElo "2205"]
[BlackElo "2203"]
[PlyCount "69"]
[EventDate "2020.08.18"]
[EventType "swiss (blitz)"]
[EventRounds "10"]
[EventCountry "NET"]
[Source "Mark Crowther"]
[SourceDate "2020.08.24"]

1. d4 d5 2. Bf4 Bf5 3. e3 e6 4. Nf3 c6 5. c4 Bd6 6. Bg3 Nf6 7. Nc3 Bxg3 8. hxg3
h6 9. Bd3 Bxd3 10. Qxd3 Nbd7 11. e4 dxe4 12. Nxe4 Nxe4 13. Qxe4 Qa5+ 14. Ke2
Nf6 15. Qd3 O-O-O 16. Rhb1 Rhe8 17. b4 Qh5 18. b5 c5 19. Rh1 Qf5 20. Rhd1 cxd4
21. Qa3 Kb8 22. c5 e5 23. Kf1 d3 24. c6 b6 25. c7+ Kxc7 26. Qxa7+ Kd6 27. Rac1
Rd7 28. Qa3+ Kd5 29. Rxd3+ Qxd3+ 30. Qxd3+ Ke6 31. Rc6+ Ke7 32. Qa3+ Kd8 33.
Rxb6 Nd5 34. Rb8+ Kc7 35. Rxe8 1-0

[Event "Titled Tuesday 2020.08.18"]
[Site "chess.com INT"]
[Date "2020.08.18"]
[Round "3"]
[White "Ivanova, Karina"]
[Black "Atanasov, Anthony"]
[Result "1-0"]
[WhiteElo "2085"]
[BlackElo "2205"]
[PlyCount "53"]
[EventDate "2020.08.18"]
[EventType "swiss (blitz)"]
[EventRounds "10"]
[EventCountry "NET"]
[Source "Mark Crowther"]
[SourceDate "2020.08.24"]

1. d4 e5 2. dxe5 Nc6 3. Nf3 Qe7 4. g3 Nxe5 5. Bg2 h5 6. h4 Nf6 7. Nc3 d6 8. Bg5
Bg4 9. Nd5 Nxf3+ 10. Bxf3 Bxf3 11. Nxe7 Bxh1 12. Bxf6 gxf6 13. Nd5 O-O-O 14.
Qd3 Bh6 15. Ne7+ Kb8 16. Nf5 Rde8 17. Nxh6 Rxh6 18. O-O-O Be4 19. Qb3 Re6 20.
a4 Bc6 21. e3 f5 22. Rd4 Rhf6 23. a5 a6 24. Rb4 Re5 25. Qc3 Rfe6 26. Qxc6 Rb5
27. Rxb5 1-0

[Event "Titled Tuesday 2020.08.04 10am"]
[Site "chess.com INT"]
[Date "2020.08.04"]
[Round "2"]
[White "Quinones, Ces"]
[Black "Atanasov, Anthony"]
[Result "1-0"]
[WhiteElo "2154"]
[BlackElo "2205"]
[PlyCount "119"]
[EventDate "2020.08.04"]
[EventType "k.o. (blitz)"]
[EventRounds "3"]
[EventCountry "NET"]
[Source "Mark Crowther"]
[SourceDate "2020.08.10"]

1. e4 c5 2. Nf3 d6 3. Bc4 Nf6 4. d3 Nc6 5. c3 Bg4 6. Qb3 e6 7. Qxb7 Rc8 8. Bb5
Qd7 9. Qxd7+ Kxd7 10. e5 Bxf3 11. exf6 Bxg2 12. Rg1 Bf3 13. fxg7 Rg8 14. Bh6
Be7 15. Nd2 Bh5 16. f3 Rb8 17. a4 a6 18. Bxc6+ Kxc6 19. O-O-O d5 20. Bf4 Bg6
21. Bxb8 Rxb8 22. f4 Bf6 23. Nf3 Kd6 24. Rde1 Bxg7 25. Ne5 Bh6 26. Kc2 Bxf4 27.
Nxg6 hxg6 28. Rg2 a5 29. Rf1 e5 30. h4 Rh8 31. Rh1 g5 32. h5 f5 33. Kd1 g4 34.
Ke2 Ke6 35. Kf1 Bh6 36. Rc2 Rg8 37. b4 axb4 38. cxb4 c4 39. dxc4 d4 40. c5 d3
41. Rb2 e4 42. b5 e3 43. b6 f4 44. b7 Rb8 45. Rb6+ Kd5 46. Rxh6 Rxb7 47. Rb6
Rc7 48. Rd6+ Ke4 49. h6 Rxc5 50. h7 Rc1+ 51. Kg2 f3+ 52. Kh2 g3+ 53. Kxg3 Rxh1
54. Re6+ Kd4 55. Kxf3 Rxh7 56. Rd6+ Kc3 57. Kxe3 Re7+ 58. Kf2 Kd2 59. a5 Rf7+
60. Kg3 1-0

[Event "Titled Tuesday 2020.07.14"]
[Site "chess.com INT"]
[Date "2020.07.14"]
[Round "5"]
[White "Mezentsev, Iv"]
[Black "Atanasov, Anthony"]
[Result "1-0"]
[WhiteElo "2354"]
[BlackElo "2205"]
[PlyCount "51"]
[EventDate "2020.07.14"]
[EventType "swiss (blitz)"]
[EventRounds "10"]
[EventCountry "NET"]
[Source "Mark Crowther"]
[SourceDate "2020.07.20"]

1. d4 e5 2. dxe5 Nc6 3. e4 Nxe5 4. f4 Ng6 5. Be3 Nf6 6. e5 Ne4 7. Nf3 Bc5 8.
Qd3 d5 9. Bxc5 Nxc5 10. Qb5+ Nd7 11. f5 Ngxe5 12. Qxd5 Nxf3+ 13. Qxf3 O-O 14.
Be2 Ne5 15. Qf4 Qd6 16. O-O Qb6+ 17. Kh1 Qxb2 18. Nd2 Bd7 19. f6 Ng6 20. Qg3
Qxc2 21. Rad1 Bc6 22. Bd3 Qc3 23. fxg7 Rfd8 24. Bxg6 Qxg3 25. Bxf7+ Kxg7 26.
hxg3 1-0

[Event "Titled Tuesday 2020.06.30"]
[Site "chess.com INT"]
[Date "2020.06.30"]
[Round "1"]
[White "Atanasov, Anthony"]
[Black "Gabrielian, Artur"]
[Result "0-1"]
[WhiteElo "2205"]
[BlackElo "2463"]
[PlyCount "81"]
[EventDate "2020.06.30"]
[EventType "swiss (blitz)"]
[EventRounds "10"]
[EventCountry "NET"]
[Source "ChessMix"]
[SourceDate "2020.07.10"]

1. d4 Nf6 2. Bf4 g6 3. e3 Bg7 4. Nf3 O-O 5. Be2 d6 6. O-O b6 7. c4 Bb7 8. Nc3
Ne4 9. Nxe4 Bxe4 10. Nd2 Bb7 11. Bf3 Bxf3 12. Qxf3 Nd7 13. Rad1 c5 14. Nb1 Qc8
15. b3 a6 16. Nc3 Nf6 17. Bg5 Rb8 18. Bxf6 exf6 19. dxc5 dxc5 20. Rd6 Qb7 21.
Qxb7 Rxb7 22. Nd5 b5 23. Rxa6 bxc4 24. bxc4 f5 25. Ra5 Rb2 26. a4 Ra2 27. h3 h5
28. Nb6 Rb8 29. Nd7 Rb4 30. Rc1 Rbb2 31. Rf1 f4 32. Ra8+ Kh7 33. Nxc5 fxe3 34.
Nd3 Rd2 35. Ne1 e2 36. Nf3 exf1=Q+ 37. Kxf1 Rd1+ 38. Ne1 Bc3 39. Re8 Raa1 40.
g3 Rxe1+ 41. Kg2 0-1

[Event "Titled Tuesday 2020.06.16"]
[Site "chess.com INT"]
[Date "2020.06.16"]
[Round "1"]
[White "Atanasov, Anthony"]
[Black "Gumularz, Szymon"]
[Result "0-1"]
[WhiteElo "2205"]
[BlackElo "2513"]
[PlyCount "64"]
[EventDate "2020.06.16"]
[EventType "swiss"]
[EventRounds "10"]
[EventCountry "NET"]
[Source "ChessMix"]
[SourceDate "2020.07.01"]

1. d4 Nf6 2. Nf3 e6 3. Bf4 b6 4. e3 Bb7 5. Nbd2 g6 6. Be2 Bg7 7. O-O O-O 8. c3
d6 9. a4 a6 10. h3 Nbd7 11. Bh2 Ra7 12. Qb3 Qa8 13. Rfe1 Ne4 14. Nxe4 Bxe4 15.
a5 b5 16. Rac1 Rc8 17. c4 bxc4 18. Qxc4 Bf8 19. b4 d5 20. Qc3 Rb8 21. Bxc7 Rc8
22. Nd2 Raxc7 23. Qxc7 Rxc7 24. Rxc7 Bxb4 25. Rec1 Nf8 26. Nxe4 dxe4 27. R7c6
Bxa5 28. Rxa6 Qd8 29. Ra7 Qb6 30. Re7 Qb2 31. Rd1 Qxe2 32. Rb1 Be1 0-1

[Event "Titled Tuesday 2020.06.16"]
[Site "chess.com INT"]
[Date "2020.06.16"]
[Round "2"]
[White "Zakirova, Aisha"]
[Black "Atanasov, Anthony"]
[Result "0-1"]
[WhiteElo "1585"]
[BlackElo "2205"]
[PlyCount "52"]
[EventDate "2020.06.16"]
[EventType "swiss"]
[EventRounds "10"]
[EventCountry "NET"]
[Source "ChessMix"]
[SourceDate "2020.07.01"]

1. d4 e5 2. dxe5 Nc6 3. Nf3 Qe7 4. Nc3 Nxe5 5. Nxe5 Qxe5 6. g3 Nf6 7. Bg2 c6 8.
O-O d5 9. e4 dxe4 10. Nxe4 Nxe4 11. Bxe4 Be6 12. Bg2 Be7 13. Bf4 Qb5 14. a4
Qxb2 15. Rb1 Qa3 16. Rxb7 O-O 17. Bxc6 Rfd8 18. Qe2 Qc5 19. Bg2 Rac8 20. Be3
Qa3 21. Rfb1 Bc5 22. Bg5 Bc4 23. Qh5 Bxf2+ 24. Kxf2 Qc5+ 25. Ke1 Qg1+ 26. Bf1
Qxf1# 0-1

[Event "Titled Tuesday 2020.06.16"]
[Site "chess.com INT"]
[Date "2020.06.16"]
[Round "3"]
[White "Voit, Daria"]
[Black "Atanasov, Anthony"]
[Result "1/2-1/2"]
[WhiteElo "2343"]
[BlackElo "2205"]
[PlyCount "115"]
[EventDate "2020.06.16"]
[EventType "swiss"]
[EventRounds "10"]
[EventCountry "NET"]
[Source "ChessMix"]
[SourceDate "2020.07.01"]

1. d4 e5 2. dxe5 Nc6 3. Nf3 Qe7 4. Bg5 Qb4+ 5. Nc3 Qxb2 6. Bd2 Bb4 7. Rb1 Qxc3
8. Bxc3 Bxc3+ 9. Nd2 Nxe5 10. Rb3 Ba5 11. f4 Nc4 12. c3 Ne3 13. Qb1 Nf6 14. Qd3
Ned5 15. g3 Bb6 16. e4 Ne7 17. h3 d5 18. Bg2 O-O 19. e5 Bf5 20. Qe2 Nd7 21. g4
Bc2 22. Rb2 Ba4 23. Nf3 Nc5 24. Nd4 Ne6 25. Qd3 Nxf4 26. Qg3 Neg6 27. O-O c5
28. Rxf4 cxd4 29. cxd4 Rac8 30. Bxd5 Nxf4 31. Qxf4 Bc6 32. Bxc6 bxc6 33. Rd2
Rfd8 34. Kh2 Rd5 35. Rf2 Rf8 36. Rd2 Rfd8 37. h4 R8d7 38. h5 h6 39. g5 hxg5 40.
Qxg5 Rxd4 41. Rxd4 Rxd4 42. h6 g6 43. Qf6 Rd2+ 44. Kh1 Rd1+ 45. Kg2 Rg1+ 46.
Kh3 Rh1+ 47. Kg2 Rxh6 48. Qxc6 Rh5 49. e6 Rg5+ 50. Kf3 Rf5+ 51. Kg4 fxe6 52.
Qxe6+ Kg7 53. Qe7+ Rf7 54. Qe5+ Kg8 55. Qe8+ Kg7 56. Qe5+ Kg8 57. Qe8+ Kg7 58.
Qe5+ 1/2-1/2

[Event "Titled Tuesday 2020.06.16"]
[Site "chess.com INT"]
[Date "2020.06.16"]
[Round "4"]
[White "Atanasov, Anthony"]
[Black "Skliarov, Viktor"]
[Result "1-0"]
[WhiteElo "2205"]
[BlackElo "2376"]
[PlyCount "65"]
[EventDate "2020.06.16"]
[EventType "swiss"]
[EventRounds "10"]
[EventCountry "NET"]
[Source "ChessMix"]
[SourceDate "2020.07.01"]

1. d4 Nf6 2. Nf3 g6 3. Bf4 Bg7 4. e3 O-O 5. Be2 d6 6. O-O c5 7. c3 Nh5 8. Bg5
h6 9. Bh4 g5 10. Ne1 Nf4 11. exf4 gxh4 12. h3 cxd4 13. cxd4 Nc6 14. Nc2 Qb6 15.
Nc3 Bf5 16. Bd3 Bxd3 17. Qxd3 e6 18. d5 exd5 19. Nxd5 Qa6 20. Qf5 Bxb2 21. Rab1
Bg7 22. Nc7 Qxa2 23. Nxa8 Rxa8 24. Rxb7 Nd4 25. Nxd4 Bxd4 26. Qg4+ Bg7 27. f5
Kh8 28. Qxh4 Qa6 29. Rxf7 d5 30. f6 Bf8 31. Qg4 Re8 32. Rxf8+ Rxf8 33. Qg7# 1-0

[Event "Titled Tuesday 2020.06.16"]
[Site "chess.com INT"]
[Date "2020.06.16"]
[Round "5"]
[White "Atanasov, Anthony"]
[Black "Korchmar, Vasiliy"]
[Result "0-1"]
[WhiteElo "2205"]
[BlackElo "2451"]
[PlyCount "96"]
[EventDate "2020.06.16"]
[EventType "swiss"]
[EventRounds "10"]
[EventCountry "NET"]
[Source "ChessMix"]
[SourceDate "2020.07.01"]

1. d4 Nf6 2. Nf3 d5 3. Bf4 c5 4. e3 Nc6 5. Nbd2 cxd4 6. exd4 Qb6 7. Nb3 Bg4 8.
c3 e6 9. h3 Bh5 10. a4 a6 11. a5 Qd8 12. Be2 Be7 13. Ne5 Bxe2 14. Qxe2 Rc8 15.
O-O O-O 16. Rfe1 Ne4 17. Nd2 Nd6 18. b4 Nxe5 19. dxe5 Nb5 20. c4 dxc4 21. Nxc4
Nc3 22. Qf1 Qd4 23. Nb6 Qxf4 24. Nxc8 Rxc8 25. Qd3 Bxb4 26. Qd7 Qc4 27. Qxb7
Rf8 28. Qb6 Nd5 29. Rec1 Nxb6 30. Rxc4 Nxc4 31. Rc1 Nxa5 32. Rc7 Nb3 33. Rb7 a5
34. Ra7 h5 35. g4 hxg4 36. hxg4 g6 37. f4 Kg7 38. g5 Bc5+ 39. Kg2 Bxa7 40. Kf3
a4 41. f5 gxf5 42. g6 Kxg6 43. Kf4 a3 44. Kf3 a2 45. Ke2 a1=Q 46. Kd3 Qd4+ 47.
Ke2 Qe3+ 48. Kd1 Qd2# 0-1

[Event "Titled Tuesday 2020.06.16"]
[Site "chess.com INT"]
[Date "2020.06.16"]
[Round "6"]
[White "Tregubov, Pavel V"]
[Black "Atanasov, Anthony"]
[Result "1-0"]
[WhiteElo "2560"]
[BlackElo "2205"]
[PlyCount "41"]
[EventDate "2020.06.16"]
[EventType "swiss"]
[EventRounds "10"]
[EventCountry "NET"]
[Source "ChessMix"]
[SourceDate "2020.07.01"]

1. e4 c5 2. Nf3 d6 3. c3 Nf6 4. Be2 Nc6 5. d4 cxd4 6. cxd4 Bg4 7. d5 Bxf3 8.
Bxf3 Ne5 9. Nc3 h6 10. Be2 g5 11. f4 gxf4 12. Bxf4 Rg8 13. Bxe5 dxe5 14. Qa4+
Nd7 15. O-O Qb6+ 16. Kh1 Qxb2 17. Rac1 Rc8 18. Rc2 Qb6 19. d6 e6 20. Nd5 Qd8
21. Nf6+ 1-0